| 000 | 00850nam a2200253Ia 4500 | ||
|---|---|---|---|
| 003 | OSt | ||
| 005 | 20221005031448.0 | ||
| 006 | a|||||r|||| 00| 0 | ||
| 007 | ta | ||
| 008 | 221004b |||||||| |||| 00| 0 eng d | ||
| 020 |
_a9781785361944 (hbk) _cUKP 70.00 |
||
| 024 | _a36379 | ||
| 037 |
_b3326, 23/01/2018, The Book Seller _cTextual |
||
| 040 |
_aCRL _cCRL _beng |
||
| 041 |
_2eng _aeng |
||
| 082 | _aU42.461, Q6 | ||
| 100 |
_aRibas-Mateos Natalia Ed. _9583730 |
||
| 245 | 0 |
_aMigration, mobilities and the arab spring _b spaces of refugee fligth in the eastern mediterranean |
|
| 260 |
_aCheltenham _bEdward Elgat UK _c2016 |
||
| 300 |
_axvi,196p. _ccm. |
||
| 650 | _aIMMIGRATION AND EMIGRATION | ||
| 942 |
_hU42.461, Q6 _cTEXL _2cc |
||
| 999 |
_c937782 _d937782 |
||